Statistics for Disney Pixar Characters beginning with B

Click here to take the quiz!

General Stats

  • This quiz has been taken 11 times
  • The average score is 4 of 22

Answer Stats

Answer% Correct
Buzz Lightyear
78%
Bullseye
56%
Bo Peep
44%
Barbie
33%
Boo
33%
Bruce
33%
Bailey
22%
Bing Bong
22%
Buck
22%
Butch
22%
Buttercup
22%
Becky
11%
Bloat
11%
Babs the Octopus
0%
Bernie Kropp
0%
Bomb Voyage
0%
Bonnie Anderson
0%
Bonnie's Mom
0%
Bookworm
0%
Brent Mustangburger
0%
Brock Pearson
0%
Bubbles
0%

Score Distribution

Percentile by Number Answered

Percent of People with Each Score

Your Score History

You have not taken this quiz